| 000 | 00902nam a2200241 a 4500 | ||
|---|---|---|---|
| 001 | 000034734 | ||
| 005 | 20200930073854.0 | ||
| 008 | 111019s1969 sp 000 f spa d | ||
| 040 |
_aDO-SdBNP _bspa _cBNPHU |
||
| 082 |
_a813.3 _bP743n |
||
| 100 | 1 |
_aPoe, Edgar Allan, _d1809-1849 _99903 |
|
| 245 | 1 | 0 |
_aNarraciones extraordinarias / _cE. A. Poe ; prólogo Narciso Ibáñez Serrador ; traducción J. Farrán y Mayoral. |
| 260 |
_aMadrid : _bSalvat Editores : _bAlianza Editorial, _c1969. |
||
| 300 |
_a190 p. ; _c19 cm. |
||
| 490 | 1 |
_aBiblioteca básica Salvat _v3 |
|
| 500 | _aTraducido del inglés. | ||
| 650 | 4 |
_aCuentos estadounidense _910646 |
|
| 650 | 4 |
_aLiteratura estadounidense _9263 |
|
| 700 | 1 | 2 |
_aIbáñez Serrador, Narciso, _epról. _960203 |
| 700 | 1 | 2 |
_aFarrán y Mayoral, J., _etr. _960204 |
| 830 | 0 |
_aBiblioteca básica Salvat _n3 _960205 |
|
| 910 | _aValidado. Control de calidad MMOLINA | ||
| 999 |
_c34225 _d34225 |
||